000
00271nam a2200109Ia 4500
008
190216s9999||||xx |||||||||||||| ||und||
100
_a
Acharya B K & Govekar P B
245
0
_a
Principles Of Business Organisation
260
_b
Null
_c
1974
300
_a
897p
942
_c
BK
999
_c
3869
_d
3869